Drugs and social security

שמור ב:
מידע ביבליוגרפי
מחבר ראשי: Rigoni, Raymond
פורמט: ספר
שפה:Undetermined
יצא לאור: Basle Pharma Information 1969
נושאים:
תגים: הוספת תג
אין תגיות, היה/י הראשונ/ה לתייג את הרשומה!
Thư viện lưu trữ: Trung tâm Học liệu Trường Đại học Cần Thơ
LEADER 00472nam a2200181Ia 4500
001 CTU_81541
008 210402s9999 xx 000 0 und d
082 |a 338.4 
082 |b R565 
100 |a Rigoni, Raymond 
245 0 |a Drugs and social security 
245 0 |c Raymond Rigoni 
260 |a Basle 
260 |b Pharma Information 
260 |c 1969 
650 |a Social security 
904 |i Trọng Hải 
980 |a Trung tâm Học liệu Trường Đại học Cần Thơ